00743nam a2200181 a 4500001001000000003000900010005001700019008004100036040002500077110007200102245003900174260006500213300003600278942001400314952010500328952011100433999001700544000044920DO-SdBNP20250206131607.0150119s2003 dr ac 000 0 spa d aDO-SdBNPbspacBNPHU1 a República Dominicana.b Secretaría de Estado de Cultura.9645310aRendición de cuentas 2000 -2003. aSanto Domingo :bSecretaría de Estado de Cultura,c[2003]. a198 p. :bil., retrs. ;c28 cm. 2ddccLBS1 0010718PDaPDbPDcCTd2015-01-19iLF1l0o p44920-10r2020-06-25w2020-06-25yLFPDZNo se presta 0010718PDaPDbPDcCTd2015-01-19iLF1l0o p44920-20r2020-06-25te. 2w2020-06-25yLFPDZNo se presta c44409d44409